AN (XVIIe législature) - Députés UDR (niveau 1) - Statistiques

Statistiques générales
  • Ce quiz a été pris 4 fois
  • Le résultat moyen est 7 sur 17
Statistiques - réponses
Par images Réponse % Correct
Charles Alloncle (Hérault 9e)
100%
Eric Ciotti (Alpes-Maritimes 1e)
100%
Christelle d'Intorni (Alpes-Maritimes 5e)
75%
Hanane Mansouri (Isère 8e)
75%
Alexandre Allegret-Pilot (Gard 5e)
50%
Antoine Valentin (Haute-Savoie 3e)
50%
Bartolomé Lenoir (Creuse 1e)
50%
Gérault Verny (Bouches-du-Rhône 14e)
50%
Matthieu Bloch (Doubs 3e)
50%
Marc Chavent (Ain 5e)
25%
Pierre-Henri Carbonnel (Tarn-et-Garonne 1e)
25%
Sophie Ricourt-Vaginay (Alpes-de-Haute-Provence 2e)
25%
Bernard Chaix (Alpes-Maritimes 3e)
0%
Éric Michoux (Saône-et-Loire 4e)
0%
Maxime Michelet (Marne 3e)
0%
Olivier Fayssat (Bouches-du-Rhône 6e)
0%
Vincent Trébuchet (Ardèche 2e)
0%
Aucun quiz correspondant
Distribution des résultats
% des personnes avec chaque résultat
Percentile par nombre de réponses
Votre historique - résultats
Vous n’avez pas pris ce quiz